[Event "ITA-ch Amateur C"]
[Site "Civitanova Marche"]
[Date "2012.07.17"]
[Round "3"]
[White "Macellari, Giordano"]
[Black "Marrocco, Dario"]
[Result "0-1"]
[WhiteElo "1633"]
[BlackElo "1762"]
[PlyCount "100"]
[EventDate "2012.07.15"]
[EventType "swiss"]
[EventRounds "8"]
[EventCountry "ITA"]
[SourceTitle "EXT 2024"]
[Source "ChessBase"]
[SourceDate "2023.10.10"]
[SourceVersion "1"]
[SourceVersionDate "2023.10.10"]
[SourceQuality "1"]

1. d4 Nf6 2. c4 g6 3. Nc3 Bg7 4. Nf3 d6 5. e4 0-0 6. Be2 Nbd7 7. 0-0 c6 8. Qc2 e5 9. dxe5 dxe5 10. Rd1 Qc7 11. h3 a5 12. Be3 b6 13. Rd2 Bb7 14. Rad1 Rfd8 15. Bg5 h6 16. Bh4 g5 17. Bg3 Nh5 18. Nh2 Nxg3 19. fxg3 Nf6 20. Ng4 Rxd2 21. Nxf6+ Bxf6 22. Rxd2 Rd8 23. Bg4 Qe7 24. Rxd8+ Qxd8 25. Kh2 c5 26. b3 Qd4 27. Bf3 Bc6 28. Nd1 Bg7 29. g4 Bf8 30. Qf2 b5 31. cxb5 Bxb5 32. Qe1 a4 33. bxa4 Bxa4 34. Nc3 Bc6 35. Nd5 c4 36. Kg3 Qb2 37. h4 Bxd5 38. exd5 Bd6 39. Be4 c3 40. Qf2 gxh4+ 41. Kf3 Qa3 42. Qc2 Kg7 43. Qb3 Qc1 44. Qc2 Qf4+ 45. Ke2 Qxg4+ 46. Kd3 Qg3+ 47. Kc4 Qf4 48. Kxc3 Qe3+ 49. Qd3 Qe1+ 50. Kc4 Qb4# 0-1